000 00924cam a22002773a 4500
001 21151
003 PGUSA
005 20140828083441.0
008 070519s2007||||xxu|||||s|||||000 | eng d
040 _aPGUSA
_beng
042 _adc
050 4 _aDA
100 1 _aFea, Allan,
_d1860-1956
245 1 0 _aSecret Chambers and Hiding Places :
_bHistoric, Romantic, and Legendary Stories and Traditions About Hiding-Holes, Secret Chambers, Etc.
_h[electronic resource] /
_cAllan Fea
260 _bProject Gutenberg,
_c2007
506 _aPublic domain in the USA.
516 _aElectronic text
653 _aPersecution
653 _aJacobites
653 _aHiding places -- Great Britain
653 _aGreat Britain -- Social life and customs -- 17th century -- Sources
653 _aCatholic Church -- England
830 0 _aProject Gutenberg
_v21151
856 4 0 _uhttp://www.gutenberg.org/ebooks/21151
942 _cEB
999 _c250406
_d250406